00548nam a22001697a 450000500170000001000150001702000260003203500130005803700130007108200150008410000270009924500760012626000330020227000680023530000250030350000500032820141119145520.0 aENG-111136 c795.00a9789382420422 aEN-94668 bDBAD/PUB a320.540954 aBhuyan, Pranaba Ranjan aSecularism :bthe nucleus of Indian culture /cby Pranaba Ranjan Bhuyan aNew DelhibKunal Booksc2014 bNew Delhie110002a4648/21, First Floor, Ansari Road, Daryaganj axvii,222p.c23cm(Hb) aIncludes bibliographical references and index